000 03956cam a22006857a 4500
001 000003905
003 CHAP
005 20220329133238.0
008 971013m1984 mx r o00010 spa d
010 _a3856
011 _a4828
035 _a4032
040 _cCHAP
082 0 4 _a317.2
_bM4 Tamps.
110 0 _aInstituto Nacional de Estadística, Geografía e Informática. México
_959304
245 1 0 _aAnuario estadístico del Estado de Tamaulipas.
260 _aMéxico, D. F. :
_bInstituto Nacional de Estadística, Geografía e Informática,
_c1984--.
300 _av.
500 _ac. de : Manual de estadísticas básicas
500 _aLa biblioteca tiene: 1990, 1992, 1993, 1994, 1995, 1996, 1997, 1998, 1999, 2000, 2001, 2002, 2003, 2004, 2005, 2006, 2008, 2009, 2010, 2011, 2012
590 _aBATCH-UPD
_b10
_c20130110
_lUCH01
_h0138
590 _aBATCH-UPD
_b10
_c20130110
_lUCH01
_h1829
590 _aBATCH-UPD
_b10
_c20130409
_lUCH01
_h2135
590 _aBATCH-UPD
_b10
_c20130410
_lUCH01
_h1201
590 _aBATCH-UPD
_b10
_c20130913
_lUCH01
_h2042
590 _aCONVERSION
_b10
_c20130109
_lUCH01
_h1303
590 _aE5995AHE
_b05
_c20131107
_lUCH01
_h1041
650 1 4 _aAgricultura
_xEstadísticas
_zTamaulipas.
_91469
650 1 4 _aGanadería
_xEstadísticas
_zTamaulipas.
_944728
650 1 4 _aTamaulipas
_xEstadísticas.
_9111529
901 _aBK
942 _cLIBRO
942 _n0
949 _a314.2 M4 Tamps.
_bBC
_cINEGI
_d33724000700878
_eINEGI
_f1997 c.2
_h93856
_i4032
_sb
949 _a317.2 M4 Tamps.
_bBC
_cINEGI
_d33724000486841
_eINEGI
_f1990
_gI.c/e
_h80893
_i4032
_si
949 _a317.2 M4 Tamps.
_bBC
_cINEGI
_d33724000488094
_eINEGI
_f1992
_gI.c/e
_h84215
_i4032
_si
949 _a317.2 M4 Tamps.
_bBC
_cINEGI
_d33724000489944
_eINEGI
_f1995
_h90262
_i4032
_mD
_si
949 _a317.2 M4 Tamps.
_bBC
_cINEGI
_d33724000528287
_eINEGI
_f1993 c.2
_gI.c/e
_h85186
_i4032
_si
949 _a317.2 M4 Tamps.
_bBC
_cINEGI
_d33724000528543
_eINEGI
_f1992 c.2
_gI.c/e
_h84216
_i4032
_si
949 _a317.2 M4 Tamps.
_bBC
_cINEGI
_d33724000528766
_eINEGI
_f1994
_gI. c/e
_h88796
_i4032
_si
_t43.00
949 _a317.2 M4 Tamps.
_bBC
_cINEGI
_d33724000580940
_eINEGI
_f1999
_h98081
_i4032
_sb
949 _a317.2 M4 Tamps.
_bBC
_cINEGI
_d33724000592275
_eINEGI
_f1997
_gI. 191419
_h92792
_i4032
_sb
949 _a317.2 M4 Tamps.
_bBC
_cINEGI
_d33724000593455
_eINEGI
_f1996 c.2
_h92851
_i4032
_kDonaciØn
_sb
949 _a317.2 M4 Tamps.
_bBC
_cINEGI
_d33724000604740
_eINEGI
_f1993
_gI.c/e
_h85185
_i4032
_si
949 _a317.2 M4 Tamps.
_bBC
_cINEGI
_d33724000626297
_eINEGI
_f1996
_h91417
_i4032
_si
_t80.00
949 _a317.2 M4 Tamps.
_bBC
_cINEGI
_d33724000711446
_eINEGI
_f1998
_gI. 197657
_h95176
_i4032
_sb
_t112.00
949 _a317.2 M4 Tamps.
_bBC
_cINEGI
_d33724000822656
_eINEGI
_f2000
_h99931
_i4032
_kDonaciØn
_sb
949 _a317.2 M4 Tamps.
_bBC
_cINEGI
_d33724000840468
_eINEGI
_f1995 c.2
_gDonaciØn
_h100793
_i4032
_sb
949 _a317.2 M4 Tamps.
_bBC
_cINEGI
_d33724000869384
_eINEGI
_f2001
_gDonaciØn
_h102519
_i4032
_sb
949 _a317.2 M4 Tamps.
_bBC
_cINEGI
_d33724000887972
_eINEGI
_f2002
_h103506
_i4032
_sb
949 _a317.2 M4 Tamps.
_bBC
_cINEGI
_d33724000922837
_eINEGI
_f2003
_gDonaciØ
_h104418
_i4032
_sb
949 _a317.2 M4 Tamps.
_bBC
_cINEGI
_d33724000949244
_eINEGI
_f2004
_gDonaciØ
_h105609
_i4032
_sb
949 _a317.2 M4 Tamps.
_bBC
_cINEGI
_d33724000980900
_eINEGI
_f2005
_gDonaciØn
_h107837
_i4032
_sb
949 _a317.2 M4 Tamps.
_bBC
_cINEGI
_d33724002033157
_eINEGI
_f2006
_gDonaciØn
_h108618
_i4032
_sb
949 _a317.2 M4 Tamps.
_bBC
_cINEGI
_d33724002095934
_eINEGI
_f2008 v.1
_gDonaciØn
_h111867
_i4032
_sb
949 _a317.2 M4 Tamps.
_bBC
_cINEGI
_d33724002111149
_eINEGI
_f2009
_gDonaciØn
_h111908
_i4032
_sb
949 _a317.2 M4 Tamps.
_bBC
_cINEGI
_d33724002135868
_eINEGI
_f2008 v.2
_gDonaciØn
_h111868
_i4032
_sb
949 _a317.2 M4 Tamps.
_bBC
_cINEGI
_d33724002229637
_eINEGI
_f2010
_gDonaciØn
_h114025
_i4032
_sb
949 _a317.2 M4 Tamps.
_bBC
_cINEGI
_d33724002345678
_eINEGI
_f2011
_gDonaciØn
_h117321
_i4032
_sb
999 _c3856
_d3856